00793nam a2200241 i 4500001000300000003000400003005001700007008003900024015001700063020001500080040001400095080001700109080000900126100002300135245011700158250001400275260003200289300004700321500005500368650001300423655001700436856009800453bgBPK20200710133844.0971113s1987 pl a f |000 0 pol aPB 1988/3578 a8385005269 aWA NcBPK a621.791/.795 a(07)1 aHillar, JaneAutor10aSpawanie gazowe :b(wiadomości specjalistyczne) /cJan Hillar ; Związek Zakładów Doskonalenia Zawodowego. a[Wyd. 3]. aWarszawa :b"Libra",c1987. a165, [1] s. :bfot., rys., wykr. ;c21 cm. aNa s. tyt. nr materiałów szkoleniowych : M-120. 4aSpawanie 4aPodręcznik uhttp://koha.tu.koszalin.pl/cgi-bin/koha/opac-detail.pl?biblionumber=31974yKatalog online BPK